00856nam a2200193 a 4500001000900000005001700009008004100026020001500067040001800082050002200100245012600122260007900248300004200327500009500369504003200464650005700496650006600553650004300619BRCA_83720190320203154.0881102s1986 sp-a---##b---#000-0#spa-# a8472324044 aDLCcDLCdDLC 4aNK7215b.O75 198610aOrfebrería hispanoamericana,bsiglos XVI-XIX : obras civiles y religiosas en templos, museos y colecciones españolas. aMadridbMuseo de America : Instituto de Cooperación Iberoamericanac1986 a123 p.bil. (algunas a color)c29 cm. aCatálogo de la exposición realizada en el Museo de América (Madrid), diciembre, 1986 aBibliografía : p. 121-12214aPlatería religiosavExposicioneszAmérica Latina14aPlatería religiosa colonialvExposicioneszAmérica Latina14aMarcas del contrastezAmérica Latina